<?xml version="1.0" encoding="UTF-8"?>
<record
    xmlns:xsi="http://www.w3.org/2001/XMLSchema-instance"
    xsi:schemaLocation="http://www.loc.gov/MARC21/slim http://www.loc.gov/standards/marcxml/schema/MARC21slim.xsd"
    xmlns="http://www.loc.gov/MARC21/slim">

  <leader>02608cam a2200469 i 4500</leader>
  <controlfield tag="001">17959783</controlfield>
  <controlfield tag="003">NUST</controlfield>
  <controlfield tag="005">20220318102823.0</controlfield>
  <controlfield tag="008">131202s2014    njua          001 0 eng  </controlfield>
  <datafield tag="010" ind1=" " ind2=" ">
    <subfield code="a">  2013047828</subfield>
  </datafield>
  <datafield tag="020" ind1=" " ind2=" ">
    <subfield code="a">9781118603680 (hardback : acidfree paper)</subfield>
  </datafield>
  <datafield tag="038" ind1=" " ind2=" ">
    <subfield code="a">SAIF</subfield>
  </datafield>
  <datafield tag="040" ind1=" " ind2=" ">
    <subfield code="a">DLC</subfield>
    <subfield code="b">eng</subfield>
    <subfield code="c">DLC</subfield>
    <subfield code="e">rda</subfield>
    <subfield code="d">DLC</subfield>
  </datafield>
  <datafield tag="042" ind1=" " ind2=" ">
    <subfield code="a">pcc</subfield>
  </datafield>
  <datafield tag="043" ind1=" " ind2=" ">
    <subfield code="a">n-us---</subfield>
  </datafield>
  <datafield tag="050" ind1="0" ind2="0">
    <subfield code="a">TH4860</subfield>
    <subfield code="b">.S74 2014</subfield>
  </datafield>
  <datafield tag="082" ind1="0" ind2="0">
    <subfield code="a">729.0286</subfield>
    <subfield code="2">23</subfield>
    <subfield code="b">SIE</subfield>
  </datafield>
  <datafield tag="084" ind1=" " ind2=" ">
    <subfield code="a">ARC007000</subfield>
    <subfield code="2">bisacsh</subfield>
  </datafield>
  <datafield tag="100" ind1="1" ind2=" ">
    <subfield code="a">Stelmack, Annette.</subfield>
    <subfield code="9">90650</subfield>
  </datafield>
  <datafield tag="245" ind1="1" ind2="0">
    <subfield code="a">Sustainable residential interiors /</subfield>
    <subfield code="c">Annette Stelmack ; Associates III, Kari Foster and Debbie Hindman.</subfield>
  </datafield>
  <datafield tag="250" ind1=" " ind2=" ">
    <subfield code="a">Second edition.</subfield>
  </datafield>
  <datafield tag="264" ind1=" " ind2="1">
    <subfield code="a">Hoboken, New Jersey :</subfield>
    <subfield code="b">Wiley,</subfield>
    <subfield code="c">[2014]</subfield>
  </datafield>
  <datafield tag="300" ind1=" " ind2=" ">
    <subfield code="a">674 pages :</subfield>
    <subfield code="b">color illustrations ;</subfield>
    <subfield code="c">24 cm</subfield>
  </datafield>
  <datafield tag="336" ind1=" " ind2=" ">
    <subfield code="a">text</subfield>
    <subfield code="2">rdacontent</subfield>
  </datafield>
  <datafield tag="337" ind1=" " ind2=" ">
    <subfield code="a">unmediated</subfield>
    <subfield code="2">rdamedia</subfield>
  </datafield>
  <datafield tag="338" ind1=" " ind2=" ">
    <subfield code="a">volume</subfield>
    <subfield code="2">rdacarrier</subfield>
  </datafield>
  <datafield tag="500" ind1=" " ind2=" ">
    <subfield code="a">Includes index.</subfield>
  </datafield>
  <datafield tag="520" ind1=" " ind2=" ">
    <subfield code="a">"As college campuses and workplaces turn their attention to minimizing carbon footprints, sustainable design is an increasingly fashionable aspect of interior design and architecture. Sustainable Residential Interiors focuses on implementing 'Green' design practices and technologies that improve indoor environmental quality. This update to the prize-winning 1st Edition features extensive information on certifications, standards, and materials in compliance with the new LEED v4 rating system. Forward-thinking students and professionals who recognize the growing emphasis on 'Green' initiatives will gain the latest information on sustainable design in this book"--</subfield>
    <subfield code="c">Provided by publisher.</subfield>
  </datafield>
  <datafield tag="520" ind1=" " ind2=" ">
    <subfield code="a">"A guide for interior designers and architects working on residential interiors, this book offers a comprehensive look at sustainable interior design practices and technologies"--</subfield>
    <subfield code="c">Provided by publisher.</subfield>
  </datafield>
  <datafield tag="563" ind1=" " ind2=" ">
    <subfield code="a">H.B</subfield>
  </datafield>
  <datafield tag="650" ind1=" " ind2="0">
    <subfield code="a">Sustainable design</subfield>
    <subfield code="z">United States.</subfield>
    <subfield code="9">90651</subfield>
  </datafield>
  <datafield tag="650" ind1=" " ind2="0">
    <subfield code="a">Ecological houses</subfield>
    <subfield code="x">Design and construction.</subfield>
    <subfield code="9">90652</subfield>
  </datafield>
  <datafield tag="650" ind1=" " ind2="0">
    <subfield code="a">Sustainable engineering</subfield>
    <subfield code="z">United States.</subfield>
    <subfield code="9">90653</subfield>
  </datafield>
  <datafield tag="650" ind1=" " ind2="0">
    <subfield code="a">Interior architecture</subfield>
    <subfield code="z">United States.</subfield>
    <subfield code="9">33924</subfield>
  </datafield>
  <datafield tag="650" ind1=" " ind2="7">
    <subfield code="a">ARCHITECTURE / Interior Design / General.</subfield>
    <subfield code="2">bisacsh</subfield>
    <subfield code="9">90654</subfield>
  </datafield>
  <datafield tag="700" ind1="1" ind2=" ">
    <subfield code="a">Foster, Kari.</subfield>
    <subfield code="9">90655</subfield>
  </datafield>
  <datafield tag="700" ind1="1" ind2=" ">
    <subfield code="a">Hindman, Debbie.</subfield>
    <subfield code="9">90656</subfield>
  </datafield>
  <datafield tag="776" ind1="0" ind2="8">
    <subfield code="i">Online version:</subfield>
    <subfield code="a">Foster, Kari.</subfield>
    <subfield code="t">Sustainable residential interiors</subfield>
    <subfield code="b">Second edition.</subfield>
    <subfield code="d">Hoboken : Wiley, 2014</subfield>
    <subfield code="z">9781118889749</subfield>
    <subfield code="w">(DLC) 2013048401</subfield>
  </datafield>
  <datafield tag="906" ind1=" " ind2=" ">
    <subfield code="a">7</subfield>
    <subfield code="b">cbc</subfield>
    <subfield code="c">orignew</subfield>
    <subfield code="d">1</subfield>
    <subfield code="e">ecip</subfield>
    <subfield code="f">20</subfield>
    <subfield code="g">y-gencatlg</subfield>
  </datafield>
  <datafield tag="942" ind1=" " ind2=" ">
    <subfield code="2">ddc</subfield>
    <subfield code="c">BK</subfield>
  </datafield>
  <datafield tag="999" ind1=" " ind2=" ">
    <subfield code="c">588845</subfield>
    <subfield code="d">588845</subfield>
  </datafield>
  <datafield tag="952" ind1=" " ind2=" ">
    <subfield code="0">0</subfield>
    <subfield code="1">0</subfield>
    <subfield code="2">ddc</subfield>
    <subfield code="4">0</subfield>
    <subfield code="7">0</subfield>
    <subfield code="a">NIT</subfield>
    <subfield code="b">NIT</subfield>
    <subfield code="d">2022-03-18</subfield>
    <subfield code="l">0</subfield>
    <subfield code="o">729.0286 SIE</subfield>
    <subfield code="p">NIT-13575</subfield>
    <subfield code="r">2022-03-18</subfield>
    <subfield code="w">2022-03-18</subfield>
    <subfield code="y">BK</subfield>
  </datafield>
</record>
